Spoločná zahraničná politika Európskej únie - Postavenie EÚ ako bezpečnostného aktéra na globálnej úrovni

Gespeichert in:
Bibliographische Detailangaben
1. Verfasser: Tkáč, Richard
Format: Buchkapitel
Sprache:Slowakisch
Tags: Tag hinzufügen
Keine Tags, Fügen Sie das erste Tag hinzu!

MARC

LEADER 00000naa$a2200000$$$4500
001 0063085
005 20240502083151.3
041 0 |a slo 
044 |a CZ 
245 1 0 |a Spoločná zahraničná politika Európskej únie - Postavenie EÚ ako bezpečnostného aktéra na globálnej úrovni  |c Richard Tkáč 
100 1 |a Tkáč, Richard